Správa z podujatia: Medzinárodná vedecká konferencia Regionálne vysokoškolské vzdelávanie v kontexte spolupráce V4

V dňoch 15. – 17. októbra 2024 sa na Zemplínskej Šírave v Hoteli Glamour konala slávnostná medzinárodná vedecká konferencia s názvom "Regionálne vysokoškolské vzdelávanie v kontexte spolupráce V4", organizovaná pri príležitosti 30. výročia vzniku Pedagogického pracoviska Podnikovohospodárskej fakult...

ver descrição completa

Na minha lista:
Detalhes bibliográficos
Autor principal: Kuhnová, Lenka, 1989-
Outros Autores: Szaryszová, Petra, 1984-
Formato: Capítulo de Livro
Idioma:eslovaco
Assuntos:
Tags: Adicionar Tag
Sem tags, seja o primeiro a adicionar uma tag!

MARC

LEADER 00000naa a2200000 4500
001 0306062
005 20250120091013.6
041 0 |a slo 
044 |a SK 
245 1 0 |a Správa z podujatia: Medzinárodná vedecká konferencia Regionálne vysokoškolské vzdelávanie v kontexte spolupráce V4  |c Lenka Kuhnová, Petra Szaryszová 
520 |a V dňoch 15. – 17. októbra 2024 sa na Zemplínskej Šírave v Hoteli Glamour konala slávnostná medzinárodná vedecká konferencia s názvom "Regionálne vysokoškolské vzdelávanie v kontexte spolupráce V4", organizovaná pri príležitosti 30. výročia vzniku Pedagogického pracoviska Podnikovohospodárskej fakulty Ekonomickej univerzity v Bratislave v Michalovciach. Vďaka generálnemu partnerovi, spoločnosti SPP, a účasti renomovaných odborníkov z oblasti vzdelávania, konferencia potvrdila svoj význam nielen pre slovenský, ale aj medzinárodný akademický priestor. 
610 2 0 |a konferencie 
610 2 0 |a vzdelávanie 
610 2 0 |a vzdelávanie vysokoškolské 
610 2 0 |a regióny 
610 2 0 |a Vyšehradská štvorka 
610 2 0 |a spolupráca intelektuálna 
610 2 0 |a spolupráca regionálna 
610 2 0 |a spolupráca medzinárodná 
100 1 |a Kuhnová, Lenka, 1989- 
700 1 |a Szaryszová, Petra, 1984-